Gasoline prices and competition /

Bibliographic Details
Main Author: Fleming, Harold M. (Harold Manchester)
Format: Book
Language:English
Published: New York : Appleton-Century-Crafts, [1966]
Subjects:

MARC

Tag First Indicator Second Indicator Subfields
LEADER 00000cam a2200000 4500
001 in00000067916
005 20151008050829.0
008 720210s1966 nyu b 00000 eng u
010 |a  65026736  
035 |a (OCoLC)00238084 
035 |9 AAG3671AM 
040 |c WSU  |d TXA  |d UtOrBLW 
049 |a TXAM  |c [467402] 
050 0 |a HD9579.G4  |b F54 
090 |a HD9579.G4  |b F54 1966 
092 |a 338.27282  |b F598g 
092 |a 338.2  |b F 
100 1 |a Fleming, Harold M.  |q (Harold Manchester) 
245 1 0 |a Gasoline prices and competition /  |c Harold M. Fleming. 
264 1 |a New York :  |b Appleton-Century-Crafts,  |c [1966] 
264 4 |c ©1966 
300 |a 96 pages :  |b illustrations ;  |c 22 cm. 
336 |a text  |b txt  |2 rdacontent 
337 |a unmediated  |b n  |2 rdamedia 
338 |a volume  |b nc  |2 rdacarrier 
504 |a Includes bibliographical references. 
536 |a Dr. Charles E. Ferguson and Dr. Melvin L. Greenhut Economics Collection. 
650 0 |a Gasoline  |x Prices  |z United States. 
999 |a MARS 
999 f f |s 1d961fcb-347f-3339-a71c-56343706af59  |i 1a8db8d2-35ea-39fd-ac40-027c72040242  |t 0 
952 f f |p ric  |a Texas A&M University  |b Rellis Campus  |c Joint Library Facility  |s JLF  |d Remote Storage  |t 0  |e HD9579.G4 F54 1966  |h Library of Congress classification  |i unmediated -- volume  |m A14821169337 
952 f f |a Texas A&M University  |b College Station  |c Sterling C. Evans Library  |s Evans halb  |d Halbouty Reading Rm (Halbouty Bldg 173) (Does not check out)  |t 0  |e 338.2 F  |h Dewey Decimal classification 
998 f f |a 338.2 F  |t 0  |l Halbouty Reading Rm (Halbouty Bldg 173) (Does not check out) 
998 f f |a HD9579.G4 F54 1966  |t 0  |l Remote Storage